LEADER 01455nam a2200253 i 4500 001 000000026396 003 CaOOAMICUS 005 20260226120054.0 008 180830s1826 it u000 u ita u 040 $aSeMil$bita 100 1 $aFontana, Giovanni .$0(OLS)http://semarc/name/11822 245 13$aLe notti cristiane alle catacombe de' martiri nell'agro Romano corredate di note e d'iscrizioni del can. Giovanni Fontana. Volume 1. [-2.]. 260 $aMilano :$bPer Giovanni Silvestri,$c1826. 300 $a2 v. ;$c16°. 490 1 $aBiblioteca scelta di opere italiane antiche e moderne ;$v193-194 500 $aTavole incise da A. Biasioli su disegno di A.F. Sergent-Marceau. 700 1 $aSergent Marceau, Antoine François <1751-1847>.$0(OLS)http://semarc/name/90155 700 1 $aBiasioli, Angelo,$c.$0(OLS)http://semarc/name/11824 774 0 $tVol. 1.$dMilano : Dalla Tip. di Gio. Silvestri, 1826.$g1$w()211491 774 0 $tVol. 2.$dMilano : Dalla Tip. di Gio. Silvestri, 1826.$g2$w()211492 830 0$aBiblioteca scelta di opere italiane antiche e moderne ;$v193-194.$0(OLS)http://semarc/title/34027 996 $6245$aLe notti cristiane alle catacombe de' martiri nell'agro Romano corredate di note e d'iscrizioni del can. Giovanni Fontana. Volume 1. [-2.]$9(OLS)http://semarc/title/35621 996 $6260$aMilano :$bPer Giovanni Silvestri$9(OLS)http://semarc/publisher/31427 LEADER 00972nam a2200217 i 4500 001 000000016023 003 CaOOAMICUS 005 20260319144726.0 008 180830s1959 it u000 u ita u 040 $aSeMil$bita 100 1 $aHawthorne, Nathaniel,$d<1804-1864>.$0(OLS)http://semarc/name/7403 245 10$aRomanzi /$cNathaniel Hawthorne. 264 1$aFirenze :$bSansoni,$cstampa 1959. 300 $a2 v. ;$c21 cm. 490 1 $aI grandi classici stranieri 774 0 $aHawthorne, Nathaniel <1804-1864>$t1: [La lettera scarlatta ; La casa dei sette abbaini ; Il romanzo di Valgioiosa].$w()151812 774 0 $aHawthorne, Nathaniel <1804-1864>$t2: [Il Fauno di marmo ; Il segreto del dottor Grimshawe ; Septimus Felton].$w()151813 830 2$aI grandi classici stranieri.$0(OLS)http://semarc/title/7838 996 $6245$aRomanzi$9(OLS)http://semarc/title/19827 996 $6264$aFirenze :$bSansoni$9(OLS)http://semarc/publisher/29843